| 000 | 00921nmm a2200265 a 4500 | ||
|---|---|---|---|
| 001 | ocm000595767 | ||
| 003 | TR-IsHL | ||
| 005 | 20201028132215.0 | ||
| 008 | 131030s2009 tu tur | ||
| 007 | cr cn | ||
| 020 | _a9786055738228 | ||
| 035 |
_a595767 _b(N$T) |
||
| 050 | 0 | 4 |
_aPL213 _b.H38 2009 |
| 090 | 0 | 4 |
_aPL213 _b.H38 2009 |
| 245 | 1 | 0 |
_aHataylı iki aşık: Kamil Sarıateş ve Osman Telli, yaşamları, sanat anlayışları ve şiirleri _h[electronic resource] / _cderl. Müslüm Kabadayı |
| 260 |
_aAnkara : _bPhoenix Yayınevi, _c2009 |
||
| 300 | _a252 p. | ||
| 650 | 4 | _aDil ve Edebiyat | |
| 650 | 4 | _aLanguage and Literature | |
| 650 | 0 | _aSarıateş, Kamil, 1901-1970 | |
| 650 | 0 | _aTelli, Osman | |
| 650 | 7 |
_aBIOGRAPHY & AUTOBIOGRAPHY / Literary _2bisacsh |
|
| 700 | 1 | _aKabadayı, Müslüm | |
| 856 | 4 | 0 | _uhttp://search.ebscohost.com/login.aspx?direct=true&scope=site&db=e011xww&AN=595767 |
| 999 |
_c4971 _d4971 |
||